000
00263nam a22001097a 4500
008
180806b xxu||||| |||| 00| 0 eng d
082
_a
813.52
245
_a
Developing Mathematics through Appliactions
_c
VPG
260
_c
2003
300
_a
1
_f
CD
942
_2
ddc
_c
MX
999
_c
46873
_d
46873